[Event "Prague Golden op 11th"]
[Site "Prague"]
[Date "2015.06.28"]
[Round "9"]
[White "Krieger, Miroslav"]
[Black "Ruzicka, Filip"]
[Result "0-1"]
[WhiteElo "1578"]
[BlackElo "1269"]
[PlyCount "82"]
[EventDate "2015.06.21"]
[EventType "swiss"]
[EventRounds "9"]
[EventCountry "CZE"]
[SourceTitle "EXT 2017"]
[Source "ChessBase"]
[SourceDate "2016.10.25"]
[SourceVersion "1"]
[SourceVersionDate "2016.10.25"]
[SourceQuality "1"]

1. e4 e5 2. Nf3 Nc6 3. d4 exd4 4. Nxd4 Bc5 5. Nf3 Nf6 6. Nc3 Ng4 7. Be3 Bxe3 8. fxe3 Nxe3 9. Qd2 Nxf1 10. Rxf1 d6 11. 0-0-0 h6 12. h3 Be6 13. Nd5 0-0 14. g4 Ne5 15. a3 Nxf3 16. Rxf3 Bxd5 17. Qxd5 Qg5+ 18. Qxg5 hxg5 19. Rd4 f6 20. Rc3 Rac8 21. Rb4 b6 22. Rbc4 c5 23. b4 Rfd8 24. Kb2 Kf7 25. b5 Ke6 26. Ra4 Rc7 27. Rac4 d5 28. exd5+ Rxd5 29. a4 Kd6 30. Re4 Re7 31. Rce3 Rxe4 32. Rxe4 Re5 33. Rc4 Re3 34. Rc3 Rxc3 35. Kxc3 Kd5 36. Kd3 c4+ 37. Ke3 g6 38. Kd2 f5 39. c3 f4 40. Ke1 f3 41. Kd2 Ke4 0-1

[Event "Prague Golden op 10th"]
[Site "Prague"]
[Date "2014.06.28"]
[Round "8"]
[White "Krieger, Miroslav"]
[Black "Pribyl, Viktor"]
[Result "1/2-1/2"]
[WhiteElo "1588"]
[BlackElo "1496"]
[PlyCount "45"]
[EventDate "2014.06.22"]
[EventType "swiss"]
[EventRounds "9"]
[EventCountry "CZE"]
[SourceTitle "CBM 161 Extra"]
[Source "ChessBase"]
[SourceDate "2014.08.29"]
[SourceVersion "1"]
[SourceVersionDate "2014.08.29"]
[SourceQuality "1"]

1. e4 c5 2. Nf3 d6 3. d4 cxd4 4. Nxd4 Nf6 5. Nc3 a6 6. Bd3 e6 7. 0-0 Be7 8. h3 0-0 9. Be3 Qc7 10. Nf3 b5 11. a3 Bb7 12. Re1 Nbd7 13. Bg5 Rfe8 14. Rc1 Rac8 15. Qd2 Nb6 16. Qe2 Nc4 17. Bxc4 Qxc4 18. Nd2 Qxe2 19. Rxe2 h6 20. Be3 Nd7 21. Nb3 Ne5 22. Na5 Ba8 23. Bf4 1/2-1/2

[Event "Prague Golden op 10th"]
[Site "Prague"]
[Date "2014.06.26"]
[Round "6"]
[White "Krieger, Miroslav"]
[Black "Maly, Petr"]
[Result "1/2-1/2"]
[WhiteElo "1588"]
[BlackElo "1679"]
[PlyCount "44"]
[EventDate "2014.06.22"]
[EventType "swiss"]
[EventRounds "9"]
[EventCountry "CZE"]
[SourceTitle "CBM 161 Extra"]
[Source "ChessBase"]
[SourceDate "2014.08.29"]
[SourceVersion "1"]
[SourceVersionDate "2014.08.29"]
[SourceQuality "1"]

1. e4 d6 2. d4 Nf6 3. Nc3 g6 4. Nf3 Bg7 5. Be2 0-0 6. 0-0 c6 7. h3 b5 8. a3 a5 9. Bd2 Bb7 10. Qc1 Re8 11. Bh6 Bh8 12. Rd1 Qc7 13. Bf4 b4 14. axb4 axb4 15. Na2 Nxe4 16. Nxb4 Nd7 17. c4 Qb6 18. Nc2 c5 19. Be3 Rxa1 20. Qxa1 Qb3 21. Qc1 Ra8 22. Nd2 Nxd2 1/2-1/2

[Event "Prague Golden op 10th"]
[Site "Prague"]
[Date "2014.06.23"]
[Round "2"]
[White "Krieger, Miroslav"]
[Black "Skvaril, Michal"]
[Result "0-1"]
[WhiteElo "1588"]
[BlackElo "1722"]
[PlyCount "22"]
[EventDate "2014.06.22"]
[EventType "swiss"]
[EventRounds "9"]
[EventCountry "CZE"]
[SourceTitle "CBM 161 Extra"]
[Source "ChessBase"]
[SourceDate "2014.08.29"]
[SourceVersion "1"]
[SourceVersionDate "2014.08.29"]
[SourceQuality "1"]

1. e4 e5 2. Nf3 Nc6 3. d4 exd4 4. Nxd4 Nf6 5. Nc3 Bb4 6. Qd3 0-0 7. Bg5 h6 8. Bh4 Ne5 9. Qe2 Re8 10. f4 Ng6 11. Bg3 Rxe4 0-1